Posúdenie schopnosti spotrebiteľa splácať úver na bývanie

Zákon č. 90/2016 Z. z. o úveroch na bývanie a o zmene a doplnení niektorých zákonov, ktorého snahou je vniesť presné pravidlá aj do oblasti úverov na bývanie poskytovaných spotrebiteľom, nadobudol účinnosť 21. marca 2016. Jednou z významných tém zákona je okrem iného posúdenie schopnosti spotrebiteľ...

Descrizione completa

Salvato in:
Dettagli Bibliografici
Autore principale: Rohlíčková, Jarmila
Natura: Capitolo di libro
Lingua:slovacco
Soggetti:
Tags: Aggiungi Tag
Nessun Tag, puoi essere il primo ad aggiungerne!!

MARC

LEADER 00000naa a2200000 4500
001 0236584
005 20220805073427.3
041 0 |a slo 
044 |a SK 
245 1 0 |a Posúdenie schopnosti spotrebiteľa splácať úver na bývanie  |c Jarmila Rohlíčková 
520 |a Zákon č. 90/2016 Z. z. o úveroch na bývanie a o zmene a doplnení niektorých zákonov, ktorého snahou je vniesť presné pravidlá aj do oblasti úverov na bývanie poskytovaných spotrebiteľom, nadobudol účinnosť 21. marca 2016. Jednou z významných tém zákona je okrem iného posúdenie schopnosti spotrebiteľa splácať úver na bývanie. 
610 2 0 |a úver hypotekárny 
610 2 0 |a spotrebitelia 
610 2 0 |a zákony 
610 2 0 |a Slovensko 
610 2 0 |a úver 
100 1 |a Rohlíčková, Jarmila